Catálogo

Mecánica de materiales / (Registro nro. 26442)

Detalles MARC
000 -LEADER
fixed length control field 01614cam a2200361 i 4500
001 - CONTROL NUMBER
control field 26442
003 - CONTROL NUMBER IDENTIFIER
control field Mx-PuUPA
005 - DATE AND TIME OF LATEST TRANSACTION
control field 20241009125207.0
008 - FIXED-LENGTH DATA ELEMENTS--GENERAL INFORMATION
fixed length control field 140415s2017 mx a fr 001 0 spa d
020 ## - INTERNATIONAL STANDARD BOOK NUMBER
International Standard Book Number 9781456260866
-- 1456260863
040 ## - CATALOGING SOURCE
Original cataloging agency Mx-PuUPA
Language of cataloging spa
Transcribing agency Mx-PuUPA
Modifying agency Mx-PuUPA
Description conventions rda
041 1# - LANGUAGE CODE
Language code of text/sound track or separate title spa
Language code of original eng
100 1# - MAIN ENTRY--PERSONAL NAME
Personal name Beer, Ferdinand P.,
Fuller form of name (Ferdinand Pierre),
Dates associated with a name 1915-2003
Relator term autor
9 (RLIN) 6903
240 10 - UNIFORM TITLE
Uniform title Mechanical of materials.
Language of a work Español
245 10 - TITLE STATEMENT
Title Mecánica de materiales /
Statement of responsibility, etc. Ferdinand P. Beer [y otros tres] ; traductores, Elmer Murrieta Murrieta y Rodolfo Navarro
250 ## - EDITION STATEMENT
Edition statement Séptima edición
264 #1 - PRODUCTION, PUBLICATION, DISTRIBUTION, MANUFACTURE, AND COPYRIGHT NOTICE
Place of production, publication, distribution, manufacture Ciudad de México :
Name of producer, publisher, distributor, manufacturer McGraw-Hill Education,
Date of production, publication, distribution, manufacture, or copyright notice ©2017
300 ## - PHYSICAL DESCRIPTION
Extent 1 volumen (paginación varía) :
Other physical details ilustraciones ;
Dimensions 27 cm
336 ## - CONTENT TYPE
Fuente rdacontent
Content type term texto
Content type code txt
337 ## - MEDIA TYPE
Source rdamedia
Media type term sin medio
Media type code n
338 ## - CARRIER TYPE
Source rdacarrier
Carrier type term volumen
Carrier type code nc
650 #7 - SUBJECT ADDED ENTRY--TOPICAL TERM
Topical term or geographic name entry element Resistencia de materiales
Source of heading or term armarc
650 #7 - SUBJECT ADDED ENTRY--TOPICAL TERM
Topical term or geographic name entry element Materiales
General subdivision Pruebas
Source of heading or term armarc
700 1# - ADDED ENTRY--PERSONAL NAME
Personal name Murrieta Murrieta, Elmer,
Relator term traductor
700 1# - ADDED ENTRY--PERSONAL NAME
Personal name Navarro, Rodolfo,
Relator term traductor
765 18 - ORIGINAL LANGUAGE ENTRY
Main entry heading Beer, Ferdinand P., (Ferdinand Pierre), 1915-2003,
Title Mechanical of materials.
Edition 7th edition
Place, publisher, and date of publication New York, NY : McGraw-Hill, ©2015
International Standard Book Number 9780073398235
942 ## - ADDED ENTRY ELEMENTS (KOHA)
Source of classification or shelving scheme Dewey Decimal Classification
Koha item type Libro
Classification part 620.112
Item part B414
Existencias
Withdrawn status Lost status Source of classification or shelving scheme Damaged status Not for loan Collection code Home library Current library Shelving location Date acquired Source of acquisition Total Checkouts Total Renewals Full call number Barcode Date last seen Date last checked out Price effective from Koha item type Cost, normal purchase price Copy number Cost, replacement price
    Dewey Decimal Classification     General Biblioteca Karol Wojtyla Biblioteca Karol Wojtyla Sala general 02/10/2019 Donación 14 4 620.112 B414 2017 49126 05/01/2026 13/03/2024 03/12/2013 Libro      
    Dewey Decimal Classification     General Biblioteca Karol Wojtyla Biblioteca Karol Wojtyla Sala general 03/10/2023 1 6 2 620.112 B414 2017 104099 05/01/2026 03/03/2025 03/10/2023 Libro 766.00 Ej.2 766.00
    Dewey Decimal Classification     General Biblioteca Karol Wojtyla Biblioteca Karol Wojtyla Sala general 08/10/2024 25 1   620.112 B414 2017 105307 05/01/2026 05/02/2025 08/10/2024 Libro 906.00 Ej.3 906.00
    Dewey Decimal Classification     General Biblioteca Karol Wojtyla Biblioteca Karol Wojtyla Sala general 08/10/2024 25 6   620.112 B414 2017 105308 07/04/2026 26/03/2026 08/10/2024 Libro 906.00 Ej.4 906.00